Aquapark

Salvato in:
Dettagli Bibliografici
Autore principale: Kucko, Tomáš (Autore)
Altri autori: Chmelík, Vojtech (Relatore della tesi)
Natura: Manoscritto Libro
Lingua:slovacco
Pubblicazione: 2018
Soggetti:
Accesso online:http://is.stuba.sk/zp/portal_zp.pl?podrobnosti=125342
https://opac.crzp.sk/?fn=detailBiblioForm&sid=752BE197E3AE405D418CF979404B
Tags: Aggiungi Tag
Nessun Tag, puoi essere il primo ad aggiungerne!!

MARC

LEADER 00000ntm a22000003a 4500
001 stuzp63725
003 SK-STU
005 20230623134614.5
007 ta
008 150427s2015----xo-----f-mn---000-0-slo-d
040 |a STU  |b slo 
041 0 |a slo 
100 1 |a Kucko, Tomáš  |u 010180  |4 aut  |U SvF Stavebná fakulta  |T SvF Katedra konštrukcií pozemných stavieb  |X 81363  |U V180  |Y 18  |7 81363 
242 0 1 |a Aquapark  |y eng 
245 1 0 |a Aquapark 
260 |c 2018 
650 4 |a aquapark  |2 slo 
650 4 |a drevo  |2 slo 
650 4 |a bazén  |2 slo 
650 4 |a waterpark  |2 eng 
650 4 |a wood  |2 eng 
650 4 |a swimming pool  |2 eng 
700 1 |a Chmelík, Vojtech  |u 010180  |k Z1  |4 ths  |U SvF Stavebná fakulta  |T SvF Katedra konštrukcií pozemných stavieb  |X 20349  |U V180  |Y 18  |7 A000020349 
856 4 |u http://is.stuba.sk/zp/portal_zp.pl?podrobnosti=125342 
856 4 |u https://opac.crzp.sk/?fn=detailBiblioForm&sid=752BE197E3AE405D418CF979404B